[Event "Nationale Pupillendag 2014"]
[Site "Roosendaal"]
[Date "2014.06.21"]
[Round "5.4"]
[White "Sahin, Cat F04: Loran"]
[Black "Boghossian, Wahe"]
[Result "1-0"]
[WhiteElo "733"]
[BlackElo "626"]
[PlyCount "117"]
[EventDate "2014.??.??"]
[WhiteClock "0:10:51"]
[BlackClock "0:12:44"]

1. e4 e5 2. Nf3 Nc6 3. Bc4 Bc5 4. c3 Nf6 5. d4 exd4 6. cxd4 Bb6 7. d5 Nb4 8.
Nc3 O-O 9. O-O c6 10. a3 Na6 11. Bxa6 bxa6 12. dxc6 dxc6 13. Qxd8 Rxd8 14. Ne5
Bb7 15. Bg5 Rd6 16. Bf4 Rd4 17. Be3 Rd6 18. Bxb6 axb6 19. Rad1 Rad8 20. Nc4 Rd4
21. Nxb6 Nxe4 22. Rxd4 Rxd4 23. Nxe4 Rxe4 24. h3 h6 25. Rd1 Re2 26. Nc4 Rc2 27.
Rd8+ Kh7 28. Ne5 Rxb2 29. Nxf7 c5 30. Rh8+ Kg6 31. Ne5+ Kf6 32. Nd7+ Kf7 33.
Nxc5 Bd5 34. Nxa6 Ra2 35. Rd8 Bc4 36. Nc5 Rxa3 37. Rd7+ Kg8 38. g4 Bb5 39. Rd4
Rxh3 40. Kg2 Rc3 41. Ne4 Rc4 42. Rxc4 Bxc4 43. f4 Bd5 44. Kf3 Kf7 45. Ke3 Bxe4
46. Kxe4 g6 47. Ke5 Kg7 48. Ke6 g5 49. fxg5 hxg5 50. Kf5 Kh6 51. Kf6 Kh7 52.
Kxg5 Kh8 53. Kf6 Kh7 54. g5 Kh8 55. Kf7 Kh7 56. g6+ Kh8 57. g7+ Kh7 58. g8=Q+
Kh6 59. Qg6# 1-0

[Event "Nationale Pupillendag 2014"]
[Site "Roosendaal"]
[Date "2014.06.21"]
[Round "5.5"]
[White "Valstar, Cat F05: Boaz"]
[Black "Piersma, Wisse"]
[Result "0-1"]
[WhiteElo "813"]
[BlackElo "684"]
[PlyCount "70"]
[EventDate "2014.??.??"]
[WhiteClock "0:14:38"]
[BlackClock "0:10:01"]

1. e4 e5 2. Nf3 Nc6 3. Nc3 Nf6 4. a3 Bc5 5. h3 O-O 6. Bb5 a6 7. Bxc6 dxc6 8.
Nxe5 Qd4 9. O-O Qxe5 10. Re1 Qf4 11. Rf1 Qg5 12. d4 Qg6 13. Kh2 Bb6 14. e5 Nh5
15. g4 Qe6 16. Qd3 Rd8 17. Ne2 c5 18. dxc5 Rxd3 19. cxb6 Qxe5+ 20. Kg1 Qxe2 21.
cxd3 Nf6 22. bxc7 Be6 23. Bg5 Rc8 24. Bxf6 gxf6 25. Rfe1 Qxd3 26. Rac1 Qxh3 27.
Red1 Qxg4+ 28. Kh1 Qf4 29. Rd8+ Kg7 30. Kg1 Qxc1+ 31. Kg2 Rxc7 32. Rd4 Qxb2 33.
Rd3 Rc2 34. Rg3+ Kf8 35. Rf3 Bd5 0-1

[Event "Nationale Pupillendag 2014"]
[Site "Roosendaal"]
[Date "2014.06.21"]
[Round "5.6"]
[White "Kien, Cat F06: Clovis"]
[Black "Reina, Leon"]
[Result "1-0"]
[WhiteElo "639"]
[BlackElo "888"]
[PlyCount "131"]
[EventDate "2014.??.??"]
[WhiteClock "0:09:05"]
[BlackClock "0:05:35"]

1. e4 e5 2. Nf3 Nc6 3. Bb5 Nf6 4. Nc3 Bb4 5. d3 O-O 6. O-O a6 7. Bxc6 bxc6 8.
Nxe5 Bxc3 9. bxc3 Qe7 10. Nf3 d5 11. exd5 cxd5 12. Re1 Qc5 13. Bb2 Bg4 14. h3
Bh5 15. Re3 Rfe8 16. Rxe8+ Rxe8 17. d4 Qd6 18. Qd3 Bxf3 19. Qxf3 Ne4 20. Re1
Rd8 21. Qf5 c6 22. f3 Qg3 23. fxe4 Qxe1+ 24. Kh2 Qxe4 25. Qg5 f6 26. Qg3 Qxc2
27. Ba3 Qf5 28. Be7 Re8 29. Bd6 Qd7 30. Bf4 g5 31. h4 Qg7 32. hxg5 fxg5 33. Be3
h6 34. a3 Rc8 35. Qg4 Re8 36. Qg3 Qe7 37. Bd2 Rc8 38. Qh3 Qc7+ 39. g3 Qd6 40.
Qxc8+ Kf7 41. Qxa6 Qf6 42. Qe2 g4 43. Kg2 Kg8 44. Qxg4+ Kh8 45. Qh5 Kg8 46.
Qxh6 Qf5 47. Qg5+ Qxg5 48. Bxg5 Kf7 49. a4 Ke8 50. a5 Kd7 51. Kh3 Kc8 52. Bf4
Kb7 53. g4 Ka6 54. g5 Kxa5 55. g6 c5 56. dxc5 Kb5 57. g7 Kxc5 58. g8=Q d4 59.
cxd4+ Kxd4 60. Qd8+ Ke4 61. Qf6 Kf3 62. Bg5+ Ke2 63. Qf4 Ke1 64. Qd2+ Kf1 65.
Kg3 Kg1 66. Qe1# 1-0

[Event "Nationale Pupillendag 2014"]
[Site "Roosendaal"]
[Date "2014.06.21"]
[Round "5.7"]
[White "Kentstra, Cat F07: Thomas"]
[Black "Bleeker, Kasper"]
[Result "0-1"]
[WhiteElo "707"]
[BlackElo "720"]
[PlyCount "25"]
[EventDate "2014.??.??"]
[WhiteClock "0:17:30"]
[BlackClock "0:18:45"]

1. e4 e5 2. Nf3 Nc6 3. d4 Nf6 4. dxe5 Nxe5 5. Nc3 Nxf3+ 6. Qxf3 Bc5 7. Bg5 Bb4
8. Bxf6 gxf6 9. Qxf6 Be7 10. Qf4 d6 11. Bc4 Be6 12. Bxe6 fxe6 13. O-O-O 0-1

[Event "Nationale Pupillendag 2014"]
[Site "Roosendaal"]
[Date "2014.06.21"]
[Round "5.8"]
[White "Pham, Cat F08: Khoi"]
[Black "Neisingh, Nils"]
[Result "1-0"]
[WhiteElo "1054"]
[BlackElo "678"]
[PlyCount "31"]
[EventDate "2014.??.??"]
[WhiteClock "0:18:11"]
[BlackClock "0:17:52"]

1. e4 e5 2. Nc3 Nf6 3. f4 Nc6 4. fxe5 Nxe5 5. d4 Nc6 6. Nf3 d5 7. Bg5 dxe4 8.
Nxe4 Bg4 9. Be2 Bxf3 10. Bxf3 Nxd4 11. O-O Nxf3+ 12. Qxf3 Be7 13. Nxf6+ gxf6
14. Bxf6 Bxf6 15. Qxf6 Rg8 16. Qxf7# 1-0

[Event "Nationale Pupillendag 2014"]
[Site "Roosendaal"]
[Date "2014.06.21"]
[Round "5.9"]
[White "Tiggelman, Cat F09: Vincent"]
[Black "Schouwenaars, Hein"]
[Result "0-1"]
[WhiteElo "409"]
[BlackElo "749"]
[PlyCount "84"]
[EventDate "2014.??.??"]
[WhiteClock "0:11:48"]
[BlackClock "0:10:18"]

1. e4 e5 2. Bc4 Nf6 3. Nc3 Bc5 4. Nf3 O-O 5. d3 Ng4 6. Bg5 Qe8 7. h3 Nxf2 8.
Qd2 Nxh1 9. O-O-O Nf2 10. Re1 Nxe4 11. dxe4 Nc6 12. Nh4 d6 13. Qe2 Be6 14. Bxe6
Nd4 15. Qg4 Nxe6 16. Nf5 Bb4 17. Bd2 Bxc3 18. Bxc3 Rd8 19. Rd1 f6 20. Ba5 Qg6
21. Qxg6 hxg6 22. Ne7+ Kh7 23. Rf1 Rd7 24. Nd5 Kg8 25. Rf3 Kf7 26. Rg3 Rh8 27.
Rf3 Ng5 28. Re3 Ne6 29. Re1 Nd4 30. c3 Ne6 31. Rh1 Nf4 32. g3 Nxd5 33. exd5 e4
34. h4 e3 35. Kd1 Re7 36. Ke1 g5 37. hxg5 Rxh1+ 38. Ke2 Rh2+ 39. Kf3 e2 40. Kg4
e1=Q 41. Kf5 Qe5+ 42. Kg4 Qe4# 0-1

[Event "Nationale Pupillendag 2014"]
[Site "Roosendaal"]
[Date "2014.06.21"]
[Round "5.10"]
[White "Van Foreest, Cat F10: Tristan"]
[Black "Van der Noordaa, Joost"]
[Result "1-0"]
[WhiteElo "866"]
[BlackElo "375"]
[PlyCount "31"]
[EventDate "2014.??.??"]
[WhiteClock "0:19:32"]
[BlackClock "0:18:44"]

1. e4 e5 2. Nf3 Nc6 3. d4 exd4 4. Nxd4 Nxd4 5. Qxd4 Nf6 6. e5 Nh5 7. Bc4 b6 8.
Qd5 Qe7 9. Qxa8 g6 10. Qxc8+ Qd8 11. Bxf7+ Ke7 12. Bg5+ Nf6 13. Bxf6+ Kxf7 14.
Qxd8 Bg7 15. Qe7+ Kg8 16. Qxg7# 1-0

[Event "Nationale Pupillendag 2014"]
[Site "Roosendaal"]
[Date "2014.06.21"]
[Round "5.11"]
[White "Raulji, Cat F11: Kavya"]
[Black "Allaart, Janne"]
[Result "1-0"]
[WhiteElo "590"]
[BlackElo "615"]
[PlyCount "81"]
[EventDate "2014.??.??"]
[WhiteClock "0:14:21"]
[BlackClock "0:14:06"]

1. e4 e5 2. Nf3 Nc6 3. Nc3 Nf6 4. Bc4 Nxe4 5. Nxe4 d5 6. Bd3 dxe4 7. Bxe4 Bg4
8. h3 Bh5 9. d3 h6 10. Be3 b6 11. Bxc6+ Ke7 12. Bxa8 Qxa8 13. g4 Bg6 14. h4 Bh7
15. d4 Be4 16. Rh3 Ke6 17. dxe5 Qc6 18. Rc1 Bb4+ 19. c3 Bc5 20. Bxc5 bxc5 21.
g5 hxg5 22. Nxg5+ Ke7 23. Qe2 Bg2 24. Rg3 Bd5 25. a3 Rxh4 26. Rh3 Rf4 27. Kf1
Bc4 28. Rd3 Bxd3 29. Qxd3 f6 30. exf6+ gxf6 31. Qe3+ Kd7 32. Qxf4 Qb5+ 33. Kg1
Qxb2 34. Rd1+ Kc6 35. Qxf6+ Kb7 36. Qf3+ Kb6 37. Qd3 Qb3 38. Rb1 Qxb1+ 39.
Qxb1+ Kc6 40. Qe4+ Kd6 41. Qe6# 1-0

[Event "Nationale Pupillendag 2014"]
[Site "Roosendaal"]
[Date "2014.06.21"]
[Round "5.12"]
[White "Van der Noordaa, Cat F12: Niek"]
[Black "Patwardhan, Aadi"]
[Result "0-1"]
[WhiteElo "428"]
[BlackElo "516"]
[PlyCount "120"]
[EventDate "2014.??.??"]
[WhiteClock "0:15:29"]
[BlackClock "0:12:14"]

1. e4 e5 2. Bc4 Nc6 3. Nf3 h6 4. h3 Nf6 5. Nc3 Bc5 6. O-O O-O 7. d3 d6 8. b3
Nd4 9. Nxd4 exd4 10. Ne2 a6 11. Bb2 b5 12. Bd5 Nxd5 13. exd5 Qg5 14. c4 Bxh3
15. g3 Bxf1 16. Kxf1 Qh5 17. Kg2 bxc4 18. dxc4 Rfe8 19. Nxd4 Bxd4 20. Qxd4 f6
21. Rh1 Qe5 22. Qd2 Qe4+ 23. Kg1 Qe1+ 24. Qxe1 Rxe1+ 25. Kg2 Re2 26. Bd4 Rxa2
27. Re1 c5 28. Bc3 Rb8 29. Re6 Rxb3 30. Be1 Rb6 31. Re8+ Kh7 32. Re4 Rc2 33.
Ba5 Rb7 34. Re6 Rd7 35. Be1 Rxc4 36. f3 Ra4 37. Re2 c4 38. Rc2 Rc7 39. Kf2 Ra3
40. Bb4 Rd3 41. Bxd6 Rd7 42. Bf4 R7xd5 43. Ke2 Rb3 44. Rxc4 Rb2+ 45. Ke3 a5 46.
Ke4 Rdb5 47. Bc1 Re2+ 48. Kd3 Re8 49. Ra4 Ra8 50. Kc4 Rb1 51. Bd2 Rc8+ 52. Kd4
Rd8+ 53. Kc3 Rb4 54. Rxa5 Rbd4 55. Ra2 Rd3+ 56. Kc4 Rxd2 57. Ra3 Rg2 58. f4
Rc8+ 59. Kb5 Rb2+ 60. Ka6 Ra8# 0-1

[Event "Nationale Pupillendag 2014"]
[Site "Roosendaal"]
[Date "2014.06.21"]
[Round "5.13"]
[White "Bruggink, Cat G01: Lyne"]
[Black "Tran, Kimmily"]
[Result "1-0"]
[WhiteElo "531"]
[BlackElo "506"]
[PlyCount "29"]
[EventDate "2014.??.??"]
[WhiteClock "0:18:45"]
[BlackClock "0:17:19"]

1. e4 e5 2. Nf3 Nc6 3. Bc4 Bc5 4. Nc3 Nf6 5. d3 h6 6. Qe2 O-O 7. Nd2 d6 8. Qf3
Bg4 9. Qg3 Nd4 10. O-O Ne2+ 11. Nxe2 Bxe2 12. Nb3 Bxf1 13. Bxh6 g6 14. Qxg6+
Kh8 15. Qg7# 1-0

[Event "Nationale Pupillendag 2014"]
[Site "Roosendaal"]
[Date "2014.06.21"]
[Round "5.14"]
[White "Geelhoed, Cat G02: Merel"]
[Black "Molanus, Florian"]
[Result "0-1"]
[WhiteElo "379"]
[BlackElo "530"]
[PlyCount "50"]
[EventDate "2014.??.??"]
[WhiteClock "0:16:39"]
[BlackClock "0:17:00"]

1. e4 e5 2. Nf3 Nc6 3. Nc3 Nf6 4. Bc4 Bc5 5. Ng5 d5 6. exd5 Nxd5 7. Bxd5 Qxg5
8. Bxc6+ bxc6 9. O-O Bh3 10. g3 Bxf1 11. Qxf1 Qf5 12. a3 Qxc2 13. b4 Bd4 14.
Qc4 Bxc3 15. dxc3 Qf5 16. b5 O-O 17. Qxc6 Rad8 18. Qxc7 Qh3 19. Bg5 Rc8 20.
Qxe5 f6 21. Qe6+ Qxe6 22. Be3 Rxc3 23. Bxa7 Rc2 24. a4 Qe2 25. f4 Qg2# 0-1

[Event "Nationale Pupillendag 2014"]
[Site "Roosendaal"]
[Date "2014.06.21"]
[Round "5.15"]
[White "Adema, Cat G03: Wessel"]
[Black "Sturm, Laurens"]
[Result "0-1"]
[WhiteElo "727"]
[BlackElo "362"]
[PlyCount "112"]
[EventDate "2014.??.??"]
[WhiteClock "0:07:31"]
[BlackClock "0:15:04"]

1. e4 e5 2. d4 exd4 3. c3 dxc3 4. Bc4 cxb2 5. Bxb2 Nc6 6. Nf3 Nf6 7. Nbd2 d5 8.
Bxf6 Qxf6 9. exd5 Nd4 10. Nxd4 Qxd4 11. Qe2+ Be7 12. Rc1 c6 13. dxc6 bxc6 14.
O-O Rb8 15. Nb3 Qb6 16. Rfe1 Rb7 17. Qf3 O-O 18. Bd3 Be6 19. Qh5 h6 20. Nd2 Bb4
21. Rc2 Rd7 22. Be4 Bxd2 23. Rd1 Bg5 24. Rxc6 Rxd1+ 25. Qxd1 Qb2 26. Bd5 Rd8
27. Rc5 Bxd5 28. Rxd5 Rxd5 29. Qe1 Qc1 30. Qxc1 Bxc1 31. h3 Bf4 32. g3 Rd1+ 33.
Kg2 Be5 34. f4 Rd2+ 35. Kf3 Ba1 36. f5 Rxa2 37. f6 gxf6 38. g4 Bb2 39. g5 fxg5
40. h4 gxh4 41. Ke3 a5 42. Kd3 Ra1 43. Kc2 Bf6 44. Kb3 a4+ 45. Kc2 a3 46. Kb3
a2 47. Kb4 Rh1 48. Kb3 a1=Q 49. Kb4 Rb1+ 50. Kc4 Qc3+ 51. Kd5 Rd1+ 52. Ke4 Qe1+
53. Kf3 Qf1+ 54. Kg4 Rd2 55. Kh5 Qf5+ 56. Kxh6 Qg6# 0-1

[Event "Nationale Pupillendag 2014"]
[Site "Roosendaal"]
[Date "2014.06.21"]
[Round "5.17"]
[White "Van Thienen, Cat G05: Puck"]
[Black "Rutten, Alexander"]
[Result "0-1"]
[WhiteElo "376"]
[BlackElo "434"]
[PlyCount "110"]
[EventDate "2014.??.??"]

1. e4 e5 2. Nf3 Nc6 3. Nc3 Nf6 4. Bc4 Nxe4 5. Nxe4 d5 6. Bxd5 Qxd5 7. Nc3 Qd8
8. Nb5 a6 9. Nbd4 exd4 10. Nxd4 Qe7+ 11. Ne2 Bg4 12. f3 Be6 13. b3 Qf6 14. Rb1
Bd6 15. a4 O-O 16. Bb2 Qg6 17. g3 Bd5 18. Rf1 Rae8 19. c4 Be6 20. Bc3 Bf5 21.
Rb2 Bd3 22. b4 Bxe2 23. Qxe2 Rxe2+ 24. Kxe2 Qe6+ 25. Kd1 Ne7 26. c5 Be5 27.
Bxe5 Qxe5 28. Re1 Qxb2 29. Rxe7 Qxb4 30. Rxc7 h6 31. h4 Qxa4+ 32. Ke1 Re8+ 33.
Kf2 Qd4+ 34. Kg2 Qd5 35. d4 Kh7 36. h5 Qxd4 37. f4 Qd5+ 38. Kh3 Qe6+ 39. g4 Rc8
40. Rxc8 Qxc8 41. c6 Qxc6 42. g5 hxg5 43. fxg5 Qc4 44. g6+ fxg6 45. hxg6+ Kxg6
46. Kg2 Qc3 47. Kf2 Kf5 48. Kg2 Kg4 49. Kf2 Qf3+ 50. Ke1 Qg2 51. Kd1 Kf3 52.
Kc1 Ke3 53. Kb1 Kd3 54. Ka1 Kc3 55. Kb1 Qb2# 0-1

[Event "Nationale Pupillendag 2014"]
[Site "Roosendaal"]
[Date "2014.06.21"]
[Round "5.18"]
[White "Shafie, Cat G06: Sina"]
[Black "Harchaoui, Amin"]
[Result "0-1"]
[WhiteElo "529"]
[BlackElo "539"]
[PlyCount "64"]
[EventDate "2014.??.??"]
[WhiteClock "0:14:20"]
[BlackClock "0:13:26"]

1. e4 e5 2. Nf3 Nc6 3. Nc3 Nf6 4. Bc4 Bc5 5. Ng5 O-O 6. O-O d6 7. h3 Nd4 8.
Bxf7+ Rxf7 9. Nxf7 Kxf7 10. d3 Kg8 11. Bg5 Bb4 12. Nd5 Ne6 13. Bxf6 gxf6 14.
Nxb4 Nd4 15. c3 Ne6 16. Qb3 a5 17. Nc2 a4 18. Qc4 Kh8 19. Rae1 Nf4 20. Qf7 Be6
21. Qxe6 Nxe6 22. Nb4 Qg8 23. Nd5 c6 24. Ne7 Qe8 25. Nf5 Qg6 26. Ne7 Qg5 27.
Nf5 Nf4 28. Ng3 Qh4 29. f3 Rg8 30. Nf5 Qh5 31. b3 Rxg2+ 32. Kh1 Qxh3# 0-1

[Event "Nationale Pupillendag 2014"]
[Site "Roosendaal"]
[Date "2014.06.21"]
[Round "5.19"]
[White "Lindenaar, Cat G07: Micha"]
[Black "Van Gessel, Thijs"]
[Result "1-0"]
[WhiteElo "285"]
[BlackElo "100"]
[PlyCount "39"]
[EventDate "2014.??.??"]
[WhiteClock "0:18:39"]
[BlackClock "0:16:52"]

1. e4 e5 2. Nf3 Qg5 3. Nxe5 Bb4 4. c3 Nf6 5. cxb4 O-O 6. d3 Qxe5 7. Bd2 Qxb2 8.
Bc3 Qxc3+ 9. Nxc3 d6 10. d4 Bg4 11. Be2 Be6 12. d5 Bd7 13. O-O Nxe4 14. Nxe4 c5
15. bxc5 Na6 16. cxd6 Nb4 17. Qb3 Nxd5 18. Qxb7 Rad8 19. Qxd5 Rde8 20. Qb7 1-0

[Event "Nationale Pupillendag 2014"]
[Site "Roosendaal"]
[Date "2014.06.21"]
[Round "5.20"]
[White "Van Hagen, Cat G08: Fabiënne"]
[Black "Muntean, Felix"]
[Result "1-0"]
[WhiteElo "160"]
[BlackElo "244"]
[PlyCount "115"]
[EventDate "2014.??.??"]
[WhiteClock "0:15:23"]
[BlackClock "0:15:45"]

1. e4 e5 2. Nf3 Bc5 3. Nxe5 Nf6 4. Nc3 d6 5. Nf3 Ng4 6. d4 Bb4 7. Bb5+ c6 8.
Bc4 Bxc3+ 9. bxc3 d5 10. exd5 cxd5 11. Bb5+ Bd7 12. Bxd7+ Qxd7 13. Ne5 Nxe5 14.
dxe5 Qe6 15. O-O Qxe5 16. Rb1 Qf5 17. Rxb7 Nc6 18. c4 dxc4 19. Bb2 Na5 20. Rb4
Rd8 21. Qe2+ Qe6 22. Qxe6+ fxe6 23. Bxg7 Rg8 24. Bf6 Rd5 25. Rb8+ Kf7 26. Rxg8
Kxg8 27. Bc3 Nc6 28. g3 Kf7 29. Re1 Ke7 30. Re4 Rd1+ 31. Kg2 Nd8 32. Bd4 Nf7
33. Bxa7 Ng5 34. Rxc4 h5 35. a4 h4 36. gxh4 Nf7 37. a5 Nd8 38. Bc5+ Kd7 39. a6
Ra1 40. Rd4+ Kc7 41. Be7 Nc6 42. Rc4 Rxa6 43. Bf6 Kd7 44. h5 Nd8 45. Bxd8 Kxd8
46. h6 Ra7 47. Rd4+ Ke8 48. Rg4 Kf8 49. Rg6 Kf7 50. Rg7+ Kf6 51. Rxa7 Kg6 52.
h7 Kf5 53. h8=Q e5 54. Qh4 e4 55. Ra5+ Ke6 56. Qh6+ Kd7 57. Ra7+ Kc8 58. Qh8#
1-0

[Event "Nationale Pupillendag 2014"]
[Site "Roosendaal"]
[Date "2014.06.21"]
[Round "5.21"]
[White "Han, Cat H01: Yichen"]
[Black "Jonkman, Amelia"]
[Result "1-0"]
[WhiteElo "586"]
[BlackElo "493"]
[PlyCount "155"]
[EventDate "2014.??.??"]
[WhiteClock "0:11:38"]
[BlackClock "0:05:20"]

1. e4 c5 2. d4 cxd4 3. c3 dxc3 4. Nxc3 Nc6 5. Nf3 Nf6 6. e5 Ng4 7. h3 Ngxe5 8.
Nxe5 Nxe5 9. Bf4 Ng6 10. Bg3 e5 11. Nb5 Bb4+ 12. Nc3 O-O 13. Qb3 Ba5 14. Bd3
Nf4 15. Bxf4 exf4 16. Qc2 Re8+ 17. Kd2 Qe7 18. Bxh7+ Kf8 19. Bd3 Qd6 20. Rad1
Bxc3+ 21. Qxc3 b6 22. h4 Ba6 23. h5 Bxd3 24. Qxd3 Qxd3+ 25. Kxd3 Rad8 26. Rde1
Rxe1 27. Rxe1 Re8 28. Rxe8+ Kxe8 29. Ke4 g5 30. Kf5 d5 31. Ke5 Ke7 32. Kxd5 f6
33. Ke4 Ke6 34. f3 f5+ 35. Kd4 Kf6 36. a3 g4 37. fxg4 fxg4 38. Ke4 Kg5 39. h6
Kxh6 40. Kxf4 Kh5 41. Kg3 Kg5 42. Kf2 Kf4 43. g3+ Kf5 44. b4 a5 45. b5 Kg5 46.
Ke3 Kf5 47. Kd4 Ke6 48. Ke4 a4 49. Kf4 Kd5 50. Kxg4 Kc5 51. Kf4 Kxb5 52. g4 Kc5
53. g5 Kd6 54. g6 Ke7 55. Ke5 Kf8 56. Kd5 Kg7 57. Kc6 Kxg6 58. Kxb6 Kf5 59. Kb5
Ke5 60. Kxa4 Kd4 61. Kb4 Kd5 62. Kb5 Kd4 63. a4 Kd5 64. a5 Kd6 65. Kb6 Kd7 66.
Kb7 Kd8 67. a6 Kd7 68. a7 Kd6 69. a8=Q Kd5 70. Qa6 Ke5 71. Qc6 Kf4 72. Qd5 Ke3
73. Qc4 Kf3 74. Qd4 Kg3 75. Qe4 Kf2 76. Qd3 Kg2 77. Qe3 {Kh3 [%clk 0:05:20]
Qg5 [%clk 0:11:39]} Kh2 78. Kc6 {Kh3 [%clk 0:05:18] Kd5 [%clk 0:11:37] Kh2 
[%clk 0:05:15] Ke4 [%clk 0:11:36] Kh3 [%clk 0:05:13] Kf3} 1-0

[Event "Nationale Pupillendag 2014"]
[Site "Roosendaal"]
[Date "2014.06.21"]
[Round "5.22"]
[White "Bello, Cat H02: Ingo"]
[Black "Van Foreest, Machteld"]
[Result "0-1"]
[WhiteElo "466"]
[BlackElo "874"]
[PlyCount "71"]
[EventDate "2014.??.??"]
[WhiteClock "0:12:49"]
[BlackClock "0:07:04"]

1. e4 e5 2. Nf3 Nc6 3. Bc4 Nf6 4. Nc3 Bc5 5. O-O d6 6. d3 Bg4 7. Bd2 Nd4 8. Kh1
Nxf3 9. gxf3 Bh3 10. Rg1 Bxf2 11. Rxg7 Rf8 12. Qe2 Bd4 13. Bg5 Qe7 14. Nd5 Qd8
15. Nxf6+ Qxf6 16. Bxf6 Bxb2 17. Rb1 Bd4 18. Rxb7 Bb6 19. Bb5+ c6 20. Re7+ Kd8
21. Rxa7+ Kc8 22. Rxa8+ Kd7 23. Rxf8 cxb5 24. Rgxf7+ Kc6 25. Rc8+ Bxc8 26. Rxh7
Be6 27. a3 Bc5 28. Bd8 Bd7 29. Qg2 Bxa3 30. Qg7 Kc5 31. Qxd7 Kd4 32. Qxb5 Ke3
33. Bg5+ Ke2 34. d4+ Kxf3 35. Qd3+ Kf2 36. Bh4# 0-1

[Event "Nationale Pupillendag 2014"]
[Site "Roosendaal"]
[Date "2014.06.21"]
[Round "6.1"]
[White "Van Steenoven, Cat F01: Luuk"]
[Black "Kutchoukov, Daniel"]
[Result "0-1"]
[WhiteElo "1037"]
[BlackElo "1152"]
[PlyCount "112"]
[EventDate "2014.??.??"]
[WhiteClock "0:05:59"]
[BlackClock "0:08:44"]

1. e4 c6 2. d4 d5 3. exd5 cxd5 4. Nf3 Bg4 5. Bb5+ Nc6 6. O-O Nf6 7. Nc3 a6 8.
Bxc6+ bxc6 9. Bf4 e6 10. h3 Bh5 11. Re1 Bd6 12. Be5 O-O 13. Qd3 c5 14. Ng5 Bg6
15. Bxf6 Qxf6 16. Qd2 Bf4 17. Qe2 Qxg5 18. dxc5 Bf5 19. Qf3 Bc7 20. Rec1 d4 21.
Ne2 e5 22. Qb7 Ba5 23. b4 Rfb8 24. Qc6 Bxb4 25. Rcb1 Bc3 26. Nxc3 dxc3 27.
Rxb8+ Rxb8 28. Qxa6 Bxh3 29. g3 Qg4 30. Qd6 Rf8 31. Kh2 Qh5 32. Rh1 Bg4+ 33.
Kg1 Qf5 34. c6 Qxc2 35. Rh4 Qd1+ 36. Qxd1 Bxd1 37. Rc4 c2 38. c7 Rc8 39. Kf1
Kf8 40. Ke1 Ke7 41. Kd2 Kd7 42. a4 Rxc7 43. Rxc7+ Kxc7 44. f4 exf4 45. gxf4 h5
46. f5 h4 47. a5 Kb7 48. f6 gxf6 49. a6+ Kxa6 50. Kc1 h3 51. Kb2 h2 52. Kc1
h1=Q 53. Kb2 Qb7+ 54. Kc1 Qb1+ 55. Kd2 c1=Q+ 56. Ke1 Qbc2 0-1

[Event "Nationale Pupillendag 2014"]
[Site "Roosendaal"]
[Date "2014.06.21"]
[Round "6.3"]
[White "Piersma, Cat F03: Wisse"]
[Black "Sahin, Loran"]
[Result "0-1"]
[WhiteElo "684"]
[BlackElo "733"]
[PlyCount "156"]
[EventDate "2014.??.??"]

1. e4 e5 2. Nf3 Nc6 3. d4 exd4 4. Nxd4 Nf6 5. Nxc6 bxc6 6. Bg5 Be7 7. Nc3 O-O
8. Bc4 h6 9. Bh4 Bb7 10. O-O d5 11. Bxf6 Bxf6 12. exd5 Bxc3 13. bxc3 cxd5 14.
Bb3 c6 15. Rb1 Ba6 16. Re1 Re8 17. Rxe8+ Qxe8 18. Qf3 Qe6 19. Qf4 Re8 20. h3
Rc8 21. Rd1 Bb7 22. Rd4 Qe1+ 23. Kh2 Qxc3 24. Rb4 Ba6 25. Rb8 Qc5 26. Rxc8+
Bxc8 27. Qb8 Qf8 28. Qxa7 Qd6+ 29. Kg1 Kh7 30. Qxf7 Qe5 31. Qf3 Qe1+ 32. Kh2
Qb4 33. c3 Qb8+ 34. Kg1 Be6 35. Bc2+ Kh8 36. Bf5 Bxf5 37. Qxf5 Qe8 38. Qf4 Qe1+
39. Kh2 Qxc3 40. Qf8+ Kh7 41. Qf5+ Kg8 42. Qc8+ Kf7 43. a4 Qa5 44. Qxc6 Kg8 45.
Kg3 Kh7 46. Kf4 Qb4+ 47. Ke5 Qe4+ 48. Kd6 Qxg2 49. Qxd5 Qxf2 50. a5 Qg3+ 51.
Kc5 Qa3+ 52. Kb6 Qb4+ 53. Qb5 Qd6+ 54. Qc6 Qb8+ 55. Qb7 Qd6+ 56. Ka7 Qc5+ 57.
Ka8 Qxa5+ 58. Qa7 Qxa7+ 59. Kxa7 Kg6 60. Kb6 Kg5 61. Kc7 Kh4 62. Kd7 Kxh3 63.
Ke7 g5 64. Kf6 g4 65. Kf5 g3 66. Kf4 g2 67. Kf3 g1=Q 68. Kf4 Qd4+ 69. Kf5 Qe3
70. Kg6 Qg5+ 71. Kf7 Qe5 72. Kg6 Kg4 73. Kf7 h5 74. Kg6 Qf5+ 75. Kg7 Kg5 76.
Kg8 Qd7 77. Kf8 Kg6 78. Kg8 Qg7# 0-1

[Event "Nationale Pupillendag 2014"]
[Site "Roosendaal"]
[Date "2014.06.21"]
[Round "6.4"]
[White "Bleeker, Cat F04: Kasper"]
[Black "Kien, Clovis"]
[Result "0-1"]
[WhiteElo "720"]
[BlackElo "639"]
[PlyCount "106"]
[EventDate "2014.??.??"]
[WhiteClock "0:09:01"]
[BlackClock "0:05:08"]

1. e4 e5 2. d4 exd4 3. Nf3 Nc6 4. c3 dxc3 5. Nxc3 Bb4 6. Bd2 Nge7 7. a3 Bxc3 8.
Bxc3 O-O 9. Bc4 d6 10. Qd3 Be6 11. O-O Bxc4 12. Qxc4 Re8 13. b4 d5 14. Qd3 dxe4
15. Qxe4 Nd5 16. Qc2 Nxc3 17. Qxc3 Qd6 18. Rad1 Qg6 19. Nh4 Qg4 20. g3 Ne5 21.
f3 Qc8 22. Rde1 f6 23. f4 Nf7 24. Qc4 c6 25. Rxe8+ Qxe8 26. Nf5 Qd7 27. g4 Re8
28. Qb3 Qc7 29. Qc4 Qb6+ 30. Kh1 Qb5 31. Qxb5 cxb5 32. Rd1 g6 33. Nd4 Rd8 34.
Kg1 Rd5 35. Kf1 Nd8 36. Ke1 Nc6 37. Nxc6 Rxd1+ 38. Kxd1 bxc6 39. Kc2 Kf7 40.
Kd3 Ke6 41. Ke4 f5+ 42. gxf5+ gxf5+ 43. Kd4 Kd6 44. Kc3 Kd5 45. Kd3 c5 46. Kc3
c4 47. Kd2 Ke4 48. Kc3 Kxf4 49. Kd4 Kf3 50. Kc5 c3 51. Kxb5 c2 52. Ka5 c1=Q 53.
b5 Qxa3# 0-1

[Event "Nationale Pupillendag 2014"]
[Site "Roosendaal"]
[Date "2014.06.21"]
[Round "6.5"]
[White "Bertholee, Cat F05: Selma"]
[Black "Garceran Wang, Miguel Angel"]
[Result "0-1"]
[WhiteElo "642"]
[BlackElo "1168"]
[PlyCount "58"]
[EventDate "2014.??.??"]
[WhiteClock "0:08:06"]
[BlackClock "0:11:27"]

1. e4 d6 2. d4 Nf6 3. Nc3 e5 4. dxe5 dxe5 5. Nf3 Qxd1+ 6. Kxd1 Nbd7 7. Bb5 c6
8. Bc4 b5 9. Bb3 Bd6 10. Ng5 O-O 11. Be3 h6 12. Nf3 b4 13. Ne2 Nxe4 14. Ke1
Nef6 15. Rd1 Bc7 16. Ba4 Bb7 17. Ng3 e4 18. Nh4 Rfd8 19. Ngf5 Kf8 20. Rd4 c5
21. Rc4 Ba6 22. Bxc5+ Nxc5 23. Rxc5 Bb6 24. Re5 Bd4 25. Ra5 Bc4 26. Bc6 Rac8
27. Ba4 Bxb2 28. Rxa7 Rd5 29. Ne3 Bc3# 0-1

[Event "Nationale Pupillendag 2014"]
[Site "Roosendaal"]
[Date "2014.06.21"]
[Round "6.6"]
[White "Van Cleef, Cat F06: Matteo"]
[Black "Van der Pol, Jian"]
[Result "1-0"]
[WhiteElo "862"]
[BlackElo "320"]
[PlyCount "51"]
[EventDate "2014.??.??"]
[WhiteClock "0:16:43"]
[BlackClock "0:14:49"]

1. e4 e5 2. Nf3 Nc6 3. Bc4 Nf6 4. Ng5 Bc5 5. Nxf7 Qe7 6. Nxh8 Nxe4 7. O-O Qf8
8. Nf7 d6 9. d3 Nf6 10. Ng5 d5 11. Bb3 Ng4 12. Nf3 e4 13. dxe4 dxe4 14. Ng5 Nd4
15. Nxe4 Bf5 16. Nxc5 Qxc5 17. Nc3 Nxb3 18. axb3 Bg6 19. Qxg4 Bf5 20. Qe2+ Kd8
21. Rd1+ Bd7 22. Qd3 Qe7 23. Ra4 Kc8 24. Re4 Qf7 25. Rd4 Bf5 26. Rd8# 1-0

[Event "Nationale Pupillendag 2014"]
[Site "Roosendaal"]
[Date "2014.06.21"]
[Round "6.7"]
[White "Patwardhan, Cat F07: Aadi"]
[Black "Valstar, Boaz"]
[Result "0-1"]
[WhiteElo "516"]
[BlackElo "813"]
[PlyCount "112"]
[EventDate "2014.??.??"]
[WhiteClock "0:12:20"]
[BlackClock "0:15:38"]

1. d4 d5 2. Nf3 Nc6 3. Nc3 Nf6 4. Bf4 a6 5. g3 e6 6. e3 Bd6 7. Ne5 Bd7 8. Bg2
O-O 9. O-O Re8 10. a3 Ne7 11. Nxd7 Qxd7 12. Bxd6 Qxd6 13. Qf3 Nf5 14. Qf4 Qxf4
15. gxf4 Nh4 16. b4 Nxg2 17. Kxg2 h6 18. Rfe1 b5 19. e4 dxe4 20. Nxe4 Nxe4 21.
Rxe4 f5 22. Re5 Rad8 23. c3 Rd5 24. Rxd5 exd5 25. Kf1 g5 26. fxg5 hxg5 27. Re1
Rxe1+ 28. Kxe1 Kg7 29. Kf1 Kg6 30. Kg2 Kh5 31. h3 Kh4 32. f3 f4 33. Kh2 c6 34.
Kg2 Kh5 35. Kf2 Kh4 36. Kg2 Kh5 37. Kh1 Kh4 38. Kh2 Kh5 39. h4 gxh4 40. Kh3 Kg5
41. Kg2 Kh5 42. Kh3 Kg5 43. Kh2 Kf5 44. Kg2 Kg5 45. Kh3 Kh5 46. Kh2 Kg5 47. Kh1
h3 48. Kh2 Kh4 49. Kg1 Kg3 50. Kh1 Kxf3 51. Kh2 Kg4 52. Kg1 f3 53. Kf1 h2 54.
Kf2 h1=Q 55. Ke3 Qe1+ 56. Kd3 Qe2# 0-1